| 000 | 01171pam a2200349 a 4500 | ||
|---|---|---|---|
| 001 | 3297 | ||
| 003 | FISKH | ||
| 005 | 20240223162000.0 | ||
| 008 | 850524s1985 nyua j 000 1 eng | ||
| 010 | _a 85040443 | ||
| 020 | _a0670807826 : | ||
| 020 | _a071009002951 | ||
| 040 |
_aDLC _cDLC _dDLC _beng |
||
| 042 | _alcac | ||
| 050 | 0 | 0 |
_aPZ7.A2615 _bCaah 1985 |
| 082 | 0 | 0 |
_a[Fic] _219 |
| 100 | 1 | _aAdler, David A. | |
| 245 | 1 | 0 |
_aCam Jansen and the mystery at the monkey house / _cDavid A. Adler ; illustrated by Susanna Natti. |
| 250 | _aThis edition published 1988 | ||
| 260 |
_aNew York : _bViking Penguin, _c1985. |
||
| 300 |
_a56 pages : _billustrations ; _c20 cm |
||
| 490 | 1 |
_aA Cam Jansen adventure ; _vBook 10 |
|
| 505 | _aQ | ||
| 520 | _aFifth-grade sleuth Cam Jansen uses her photographic memory to solve a monkey smuggling mystery at the city zoo. | ||
| 521 | 8 |
_a640
_bLexile |
|
| 521 | 8 |
_aQ
_bRaz-Plus |
|
| 650 | 1 | _aMystery and detective stories. | |
| 700 | 1 |
_aNatti, Susanna, _eillustrator |
|
| 800 | 1 |
_aAdler, David A. _tCam Jansen adventure ; _v10. |
|
| 906 |
_a7 _bcbc _corignew _d1 _eocip _f19 _gy-gencatlg |
||
| 942 |
_2ddc _cBK _n0 |
||
| 999 |
_c3297 _d3297 |
||